LEADER 00887cam0-2200301---450- 001 990005715500403321 005 20100930155443.0 035 $a000571550 035 $aFED01000571550 035 $a(Aleph)000571550FED01 035 $a000571550 100 $a19990604d1959----km-y0itay50------ba 101 0 $aita 102 $aIT 105 $aaf------001yy 200 1 $aFisiologia generale e speciale dell'apparato motore$fMichele Mitolo 210 $aNapoli$cLib. Scientifica Ed$d1959 215 $aXIV, 564 p., [10] c. di tav.$cill.$d25 cm 610 0 $aAttivitą muscolare 676 $a612.74 700 1$aMitolo,$bMichele$0219165 801 0$aIT$bUNINA$gRICA$2UNIMARC 901 $aBK 912 $a990005715500403321 952 $a612.74 MIT 1$bST. ARTE 4623$fFLFBC 959 $aFLFBC 996 $aFisiologia generale e speciale dell'apparato motore$9574264 997 $aUNINA LEADER 02167nam 2200625zu 450 001 9911006768903321 005 20260210110030.0 010 $a1-394-43811-7 010 $a1-64331-152-2 010 $a1-68015-551-2 035 $a(CKB)3710000000438822 035 $a(SSID)ssj0001556760 035 $a(PQKBManifestationID)16181258 035 $a(PQKBTitleCode)TC0001556760 035 $a(PQKBWorkID)13368624 035 $a(PQKB)11499046 035 $a(MiAaPQ)EBC32215770 035 $a(Au-PeEL)EBL32215770 035 $a(OCoLC)1531325849 035 $a(MiAaPQ)EBC32534887 035 $a(Au-PeEL)EBL32534887 035 $a(OCoLC)1572092069 035 $a(EXLCZ)993710000000438822 100 $a20160829d2011 uy 101 0 $aeng 135 $aurcnu|||||||| 181 $ctxt 182 $cc 183 $acr 200 10$aAdvanced temperature measurement and control 205 $a1st ed. 210 31$a[Place of publication not identified]$cInternational Society of Automation$d2011 215 $a1 online resource (208 pages) 225 0 $aInternational Society of Automation Series 300 $aBibliographic Level Mode of Issuance: Monograph 311 08$a1-936007-38-X 330 $aThis book provides a comprehensive view of what is needed to take advantage of the latest developments in smart and wireless temperature measurements and control strategies.A fundamental understanding of the capabilities of temperature sensors and the advances in wireless technology are provided. 606 $aTemperature measurements 606 $aTemperature control 606 $aThermodynamics$2HILCC 606 $aPhysics$2HILCC 606 $aPhysical Sciences & Mathematics$2HILCC 615 0$aTemperature measurements. 615 0$aTemperature control. 615 7$aThermodynamics 615 7$aPhysics 615 7$aPhysical Sciences & Mathematics 676 $a536/.50287 700 $aMcMillan$b Gregory K$01823352 702 $aToarmina$b Christian M. 801 0$bPQKB 906 $aBOOK 912 $a9911006768903321 996 $aAdvanced temperature measurement and control$94389951 997 $aUNINA